000 00238nam a22001217a 4500
041 _aENG
100 _aUrkud .S
245 _aHaritpane
260 _aMaharashtra
_bMaharashtra
_c2000-01
300 _a526
650 _aGAE
856 _uGAE
999 _c662
_d662